|
|
|
|
| LEADER |
00000nam0a2200000 4500 |
| 001 |
257833 |
| 005 |
20231101233236.0 |
| 020 |
|
|
|a RU
|b 87-82854
|
| 035 |
|
|
|a (RuTPU)RU\TPU\book\280654
|
| 090 |
|
|
|a 257833
|
| 100 |
|
|
|a 20140421d1987 k y0rusy5003 ca
|
| 101 |
0 |
|
|a rus
|
| 102 |
|
|
|a RU
|
| 105 |
|
|
|a a z 001zy
|
| 200 |
1 |
|
|a Производство и применение кормовых фосфатов
|f В. Ф. Кармышов, Б. П. Соболев, В. Н. Носов
|
| 210 |
|
|
|a Москва
|c Химия
|d 1987
|
| 215 |
|
|
|a 271,[1] с.
|c ил.
|
| 225 |
1 |
|
|a Промышленность - селу
|
| 320 |
|
|
|a Библиогр.: с. 261-268 (230 назв.).
|
| 320 |
|
|
|a Предм. указ.: с. 269-272.
|
| 606 |
1 |
|
|a Полифосфаты
|x Химическая технология
|2 stltpush
|3 (RuTPU)RU\TPU\subj\32268
|9 54869
|
| 610 |
1 |
|
|a фосфаты кормовые
|
| 610 |
1 |
|
|a производство
|
| 610 |
1 |
|
|a кальциофосфаты
|
| 610 |
1 |
|
|a преципитат
|
| 610 |
1 |
|
|a животноводство
|
| 610 |
1 |
|
|a применение
|
| 675 |
|
|
|a 661.635
|z rus
|v 3
|
| 700 |
|
1 |
|a Кармышов
|b В. Ф.
|g Василий Федорович
|
| 701 |
|
1 |
|a Соболев
|b Б. П.
|
| 701 |
|
1 |
|a Носов
|b В. Н.
|
| 801 |
|
0 |
|a RU
|b RuMRKP
|c 19950417
|g psbo
|
| 801 |
|
1 |
|a RU
|b 63413507
|c 20140421
|
| 801 |
|
2 |
|a RU
|b 63413507
|c 20141028
|g RCR
|
| 942 |
|
|
|c BK
|